书目信息 |
| 题名: |
做保险并不难
|
|
| 作者: | 芮英淑 著 ;金成根 , 苏艳敏 译 | |
| 分册: | ||
| 出版信息: | 青岛 青岛出版社 2011 |
|
| 页数: | 169页 | |
| 开本: | 21cm | |
| 丛书名: | ||
| 单 册: | ||
| 中图分类: | F840.4 | |
| 科图分类: | ||
| 主题词: | 保险业--市场营销学 , 保险业 , 市场营销学 | |
| 电子资源: | ||
| ISBN: | 978-7-5436-6874-4 | |
| 000 | 01074nam0 22002891 450 | |
| 001 | 524 | |
| 005 | 20140909165546.51 | |
| 010 | @a978-7-5436-6874-4@dCNY20.00 | |
| 100 | @a20110308d2011 em y0chiy50 ea | |
| 101 | 1 | @achi@ckor |
| 102 | @aCN@b370000 | |
| 105 | @ay z 000yy | |
| 106 | @ar | |
| 200 | 1 | @a做保险并不难@AZuo Bao Xian Bing Bu Nan@dHow to be a super insurance agent@f(韩)芮英淑著@F( Han ) Rui Ying Shu Zhu@g金成根,苏艳敏译@zeng |
| 210 | @a青岛@c青岛出版社@d2011 | |
| 215 | @a169页@d21cm | |
| 330 | @a本书共分为:顾客随心而来、追求与众不同、敢于推翻一切,就会看到成功、选择正确的回归之路五部分。具体内容包括:用心去感动顾客;顾客随时准备离开;不要怕自尊心受伤;服务要不断升级等。 | |
| 510 | 1 | @aHow to be a super insurance agent@zeng |
| 606 | 0 | @a保险业@x市场营销学 |
| 606 | 0 | @a保险业 |
| 606 | 0 | @a市场营销学 |
| 690 | @aF840.4@v5 | |
| 701 | 0 | @g(韩)@a芮英淑@ARui Ying Shu@g(女,@f1958~)@4著 |
| 702 | 0 | @a金成根@AJin Cheng Gen@4译 |
| 702 | 0 | @a苏艳敏@ASu Yan Min@4译 |
| 801 | 0 | @aCN@bTANGWEI@c20140603 |
| 905 | @b0836400-402@dF840.4@e78@f3 | |
| 做保险并不难=How to be a super insurance agent/(韩)芮英淑著/金成根,苏艳敏译.-青岛:青岛出版社,2011 |
| 169页;21cm |
| ISBN 978-7-5436-6874-4:CNY20.00 |
| 本书共分为:顾客随心而来、追求与众不同、敢于推翻一切,就会看到成功、选择正确的回归之路五部分。具体内容包括:用心去感动顾客;顾客随时准备离开;不要怕自尊心受伤;服务要不断升级等。 |
| ● |
| 相关链接 |
|
|
|
|
正题名:做保险并不难
索取号:F840.4/78
 
预约/预借
| 序号 | 登录号 | 条形码 | 馆藏地/架位号 | 状态 | 备注 |
| 1 | 0836400 | 208364009 | 第一样本阅览室/ [索取号:F840.4/78] | 在馆 | |
| 2 | 0836401 | 208364018 | 第一借阅区/ [索取号:F840.4/78] | 在馆 | |
| 3 | 0836402 | 208364027 | 密集书库-海洋学院/ [索取号:F840.4/78] | 在馆 |